La doctrina de los vicios de orden público

I tiakina i:
Ngā taipitopito rārangi puna kōrero
Kaituhi matua: Fernández Rodríguez, Tomás Ramón (Author)
Hōputu: Pukapuka
Reo:Pāniora
I whakaputaina: Madrid Instituto de Estudios de Administración Local 1970
Rangatū:Estudios de Administración General
Ngā marau:
Ngā Tūtohu: Tāpirihia he Tūtohu
Kāore He Tūtohu, Me noho koe te mea tuatahi ki te tūtohu i tēnei pūkete!

MARC

LEADER 00000nam a2200000 a 4500
001 UCS0570
003 CL-VaPUC
008 970426e19700000SP |||||||||||||||||spa|d
082 0 4 |a 342.066  |b FER  |2 21 
100 |a Fernández Rodríguez, Tomás Ramón  |e author  |9 384128 
245 1 3 |a La doctrina de los vicios de orden público 
300 |a 290 p 
942 |c BK 
945 |d 19970426 00:00:00  |a paguirre 
260 |a Madrid  |b Instituto de Estudios de Administración Local  |c 1970 
600 0 7 |a CONSEJO DE ESTADO DE ESPAÑA  |2 CL-VaPUC  |9 327495 
650 0 |a Derecho administrativo  |9 254851 
650 7 |a CONTENCIOSO ADMINISTRATIVO  |2 CL-VaPUC  |9 255490 
650 0 |a Administración pública   |9 255343 
650 0 |a Aplicación de la ley  |9 338319 
650 0 |a Actos jurídicos  |9 255748 
583 |a last modification  |c 20130925 08:18:22  |k Rodrigo Vera 
490 0 |a Estudios de Administración General 
999 |c 258792  |d 258790 
952 |0 0  |1 0  |4 0  |6 342_066000000000000_FER_1970  |7 0  |8 A  |9 283094  |a BIBDER  |b BIBDER  |d 2019-11-19  |i 1838016  |o 342.066 FER 1970  |p 1838016  |r 2023-01-25  |w 2019-11-19  |y BK  |k DER